| 000 | 00641nam a22001937a 4500 | ||
|---|---|---|---|
| 003 | NUST | ||
| 005 | 20250224113119.0 | ||
| 008 | 171002b xxu||||| |||| 00| 0 eng d | ||
| 040 | _cNUST | ||
| 082 | _a200 | ||
| 100 |
_aCheema,Umer Farooq _95128 |
||
| 245 |
_aRemittances financial development and transmission channels: A simultaneous equations analysis of Pakistan/ _cUmer Farooq Cheema, |
||
| 260 |
_aIslamabad _c2015 _bS3H-NUST |
||
| 300 | _a39p | ||
| 600 |
_xMS- Economics _9127866 |
||
| 700 |
_aSupervisor: Dr. Ather Maqsood Ahmed _9127946 |
||
| 856 | _uhttp://10.250.8.41:8080/xmlui/handle/123456789/28601 | ||
| 942 |
_2ddc _cSC |
||
| 999 |
_c331494 _d331494 |
||